| 000 | 01866nam a22003257a 4500 | ||
|---|---|---|---|
| 003 | OSt | ||
| 005 | 20260624155822.0 | ||
| 008 | 260624t2025 xxu||||| |||| 00| 0 spa d | ||
| 040 |
_aUnicoc _bspa _c00001 _d00001 |
||
| 082 | _b371.33 | ||
| 100 |
_913134 _aRey Valzacchi, Jorge |
||
| 245 |
_aInnovar para Aprender _b: tecnologías que cambian la educación _c/ Jorge Rey Valzacchi |
||
| 250 | _a1 Ed. | ||
| 260 |
_aArgentina : _bInstituto Latinoamericano de Desarrollo Profesional Docente , _c2025. |
||
| 300 |
_a126 páginas _bIlustraciones, diagramas, tablas, gráficas |
||
| 440 |
_913135 _aAprende Virtual |
||
| 505 |
_tGuía práctica y conceptual sobre las herramientas, modelos y tendencias que están redefiniendo el aula del siglo XXI. -- _tParte I - Entender la transformación. -- _tParte II - Ecosistemas y entornos digitales. -- _tParte III - Innovar con pedagogía. -- _tParte IV - Inteligencia artificial y analíticas de aprendizaje. -- _tParte V - Neuroeducación, inclusión y ética. -- _tParte VI - Experiencias inmersivas y aprendizaje expandido. -- _tParte VII - Tendencias tecnológicas emergentes. -- _tParte VIII - Comunicación y creación digital. |
||
| 526 | _5Unicoc | ||
| 546 | _aEspañol | ||
| 650 | 0 |
_9461 _aEducación _vInnovaciones tecnológicas |
|
| 650 | 0 |
_913136 _aTecnología educativa |
|
| 650 | 0 |
_96662 _a Innovaciones educativas. |
|
| 650 | 0 |
_913137 _aMétodos de enseñanza |
|
| 650 | 0 |
_913140 _aAprendizaje digital |
|
| 650 | 0 |
_913141 _aRecursos tecnológicos en educación |
|
| 650 | 0 |
_913142 _aAmbientes virtuales de aprendizaje |
|
| 650 | 0 |
_9461 _aEducación _vModelos pedagógicos |
|
| 856 |
_yAcceso online exclusivo para comunidad Unicoc. _uhttps://unicoceduco-my.sharepoint.com/:b:/g/personal/direccionbiblioteca_unicoc_edu_co/IQALARC2hLcyQ59Ds-6j-UxvAZEb_1FOfem-KVeZ1pra4D0 |
||
| 942 |
_2ddc _cEBOOK |
||
| 999 |
_c10900 _d10900 |
||